000 00700nam a22001937a 4500
999 _c181243
_d181243
005 20210906160507.0
010 _aB-741398
020 _a9780141047126
_c599.00
035 _aB-741398
037 _bGift
082 _a791.43
100 _aThomson, David
245 _aThe big screen:
_bthe story of the movies and what they did to us /
_cby David Thomson
260 _bPenguin Book
_aNew Delhi
_c2012
270 _a11 Community Centre, Panchsheel Park
_bNew Delhi
_e110017
300 _a595p.:
_c20cm(pbk)
_bill.
942 _2ddc
_cEN
_h791.43
_mTHO